Социальная статистика (Запис № 309840)

МАРК-запис
000 -Лідер
fixed length control field 00691nam a22002537a 4500
001 - Контрольний номер
control field 23588
003 - Ідентифікатор контрольного номера
control field UA-OsUOA
005 - Дата та час останнього входження (трансакції)
control field 20230918163032.0
007 - Фіксоване поле фізичного опису
fixed length control field ta
008 - Елементи даних фіксованої довжини – загальна інформація
fixed length control field 20040126b un ||||| |||| 00| 0 ukr d
020 ## - Міжнародний стандартний книжковий номер (ISBN)
Міжнародний стандартний книжковий номер (ISBN) (НП) 5279017787
040 ## - Джерело каталогізації
Агенція оригінальної каталогізації UA-OsUOA
Мова каталогізації rus
Агенція, яка здійснювала перезапис UA-OsUOA
Агенція, яка здійснювала модифікацію UA-OsUOA
041 ## - Код мови
Код мови тексту/ звукової доріжки чи окремого заголовка (П) rus
044 ## - Код країни видавця/ виробника
Код країни видавця/ виробника (П) RU
080 ## - Індекс Універсальної десяткової класифікації
Індекс Універсальної десяткової класифікації (УДК) (НП) 311
090 ## - Локальний шифр розміщення
Класифікаційний індекс УДК 311
Авторський знак (НП) С69
245 ## - Відомості про назву
Назва (НП) Социальная статистика
Решта назви (НП) учебник
Дані про відповідальність (НП) под ред. И. И. Елисеевой
260 ## - Публікація, розповсюдження і т.п. (Вихідні дані)
Місце публікації, розповсюдження і т.п. (П) Москва
Ім’я/ наймення видавництва, розповсюджувача і т.п. (П) Финанси и статистика
Дата публікації, розповсюдження і т.п. (П) 1997
300 ## - Фізичний опис
Обсяг 416 с.
650 #7 - Додаткове предметне введення – тематичний термін
Джерело заголовка чи терміна UDC
942 ## - Додаткові елементи входу (Коха)
Тип елемента Koha Книги
Source of classification or shelving scheme Universal Decimal Classification
955 ## - Код типу видання за змістом
Код типу видання за змістом (НП) Навчальні видання
Фонди
Стан вилучень Стан втрат Джерело класифікації або схеми стелажів Стан уражень Не для кредиту Постійне місце розташування Поточне розміщення Дата придбання Інвентарний номер Повний номер виклику Штрих-код Дата останнього перегляду Ціна ефективна від Тип елемента Koha Усього замовленно Вартість, звичайна ціна покупки
    Universal Decimal Classification     АБ - Абонемент НБ АБ - Абонемент НБ 29/01/2018 44073 311 С69 44073 08/11/2021 26/01/2004 Книги    
    Universal Decimal Classification     ЧЗ - Читальна зала ЧЗ - Читальна зала 20/02/2008 92026 311 С69 92026 18/09/2023 26/01/2004 Книги    
    Universal Decimal Classification     ЧЗ - Читальна зала ЧЗ - Читальна зала 26/01/2004 64103 311 С69 64103 07/02/2022 26/01/2004 Книги   2.00
    Universal Decimal Classification     ЧЗ - Читальна зала ЧЗ - Читальна зала 26/01/2004 64104 311 С69 64104 07/02/2022 26/01/2004 Книги   2.00
    Universal Decimal Classification     ЧЗ - Читальна зала ЧЗ - Читальна зала 26/01/2004 64105 311 С69 64105 07/02/2022 26/01/2004 Книги   2.00
    Universal Decimal Classification     ЧЗ - Читальна зала ЧЗ - Читальна зала 26/01/2004 64106 311 С69 64106 07/02/2022 26/01/2004 Книги   23.35
    Universal Decimal Classification     ЧЗ - Читальна зала ЧЗ - Читальна зала 26/01/2004 64107 311 С69 64107 07/02/2022 26/01/2004 Книги   5.00